| 000 | 00568nam a22001937a 4500 | ||
|---|---|---|---|
| 003 | 0 | ||
| 005 | 20160609171733.0 | ||
| 008 | 130612t xxu||||| |||| 00| 0 eng d | ||
| 020 | _a2915236240 | ||
| 040 |
_aBUAC _bFre _cBFSS |
||
| 100 |
_aMichael, Cain _924566 |
||
| 245 |
_aDécouvrir la biologie _c/apr: Cain, Michael; Damman, Luc |
||
| 260 |
_aBruxelles _bde boeck _c2006 |
||
| 300 |
_a728p. _bill., couv. ill. en coul., fig. _c28cm |
||
| 504 | _aTrad. de: <<Discover biology>> | ||
| 653 | _aBiologie | ||
| 700 |
_aDamman, Hans; Luc, Robert _924567 |
||
| 942 | _cLIVR | ||
| 999 |
_c51468 _d51468 |
||